Online Catalogue and eLibrary

Great political thinkers : (Record no. 443)

MARC details
000 -LEADER
fixed length control field 00772cam a2200229 a 4500
001 - CONTROL NUMBER
control field 598575
005 - DATE AND TIME OF LATEST TRANSACTION
control field 20240220072352.0
008 - FIXED-LENGTH DATA ELEMENTS--GENERAL INFORMATION
fixed length control field 910711s1992 enk j b 001 0 eng
020 ## - INTERNATIONAL STANDARD BOOK NUMBER
ISBN 019285254X :
040 ## - CATALOGING SOURCE (பட்டியலாக்க மூலம்)
Original cataloging agency DLC
Transcribing agency DLC
Modifying agency DLC
082 00 - DDC Classification
Class No. 320.5
DDC Edition Number 20
Item Number - Author Mark GRE.
100 ## - MAIN ENTRY--PERSONAL NAME
Personal name Ebenstein, William.
245 00 - TITLE STATEMENT
Title Great political thinkers :
Statement of responsibility, etc. Oxford & IBH Publishing co. PVT. LTD.
250 ## - EDITION STATEMENT
Edition statement 3rd.
260 ## - PUBLICATION, DISTRIBUTION, ETC.
Place of publication, distribution, etc. Oxford ;
-- New York :
Name of publisher, distributor, etc. Oxford University Press,
300 ## - PHYSICAL DESCRIPTION
Extent (e.g. Volumes, Pages etc.) xii, 978 p.,
500 ## - GENERAL NOTE
General note "Composite volume ... each section was first published separately in the 'Past masters' series"--T.p. verso.
650 #1 - SUBJECT ADDED ENTRY--TOPICAL TERM
Topical term or geographic name entry element Political scientists.
700 1# - ADDED ENTRY--PERSONAL NAME
Personal name Skinner, Quentin.
Relator term (Role) Editor
856 42 - ELECTRONIC LOCATION AND ACCESS
Uniform Resource Identifier <a href="http://www.loc.gov/catdir/enhancements/fy0724/91027678-b.html">http://www.loc.gov/catdir/enhancements/fy0724/91027678-b.html</a>
942 ## - Koha item type (Biblio)
Koha item type Books in Stacks (Lending)
Holdings
Lost status Damaged status Collection code Home library Current library Date acquired Full call number Accession Number Item type
    Lending WERC Library WERC Library 02/20/2024 320.5 GRE. 532 Books in Stacks (Lending)

© WERC Library